LEADER 00779nam a2200193 i 4500 001 000000258343 003 CaOOAMICUS 005 20180503000000.0 008 180503s1840 xx u000 u fre u 013 $a237251 040 $aSeMil$bita 245 10$aDepuis le Dixième siècle jusqu'au temps présent. 300 $a560 p. 773 0 $aRiancey, Henry Camusat : de <1816-1870>$tHistoire du monde depuis la création jusqu'à nos jours.$dParis : Au Bureau de la Bibliothèque ecclésiastique, 1838-1840.$g4$w()15029 850 $aSeMil 852 $aSeMil$W1$xVenegono$y1$m3V IV 54 FA$j208689$B208689$CSeMilBibl$Z2$F222377 $8I 941 1 $a10 961 $aRecupero: Mantegazza 996 $6245$aDepuis le Dixième siècle jusqu'au temps présent$9(OLS)http://semarc/title/413409 LEADER 01433nam a2200277 i 4500 001 000000033372 003 CaOOAMICUS 005 20180830125450.0 008 180830s2004 it u000 u ita u 020 $a88-7601-013-0 040 $aSeMil$bita 100 1 $aAlighieri, Dante,$d<1265-1321>.$0(OLS)http://semarc/name/453 245 13$aLa Divina Commedia tradotta in lengua milanesa de l'Avocatt Ambroeus Maria Antonini /$ca cura di Pier Luigi Amietta e Pier Gildo Bianchi. 260 $aMilano :$bViennepierre,$c2004. 300 $a3 v. ;$c21 cm. 650 4$aAlighieri, Dante <1265-1321> . Divina Commedia.$0(OLS)http://semarc/subject/338 700 1 $aBianchi, Pier Gildo <1920-2006>.$0(OLS)http://semarc/name/3070 700 1 $aAmietta, Pier Luigi.$0(OLS)http://semarc/name/15298 700 1 $aAntonini, Ambrogio Maria.$0(OLS)http://semarc/name/15297 773 0 $tParabordi.$dMilano : Viennepierre, [19--?]$w()18637 774 0 $aAntonini, Ambrogio Maria$tInferno.$kParabordi$z88-7601-013-0$g1$w()84257 774 0 $aAntonini, Ambrogio Maria$tParadiso.$kParabordi$g3$w()251165 774 0 $aAntonini, Ambrogio Maria$tPurgatorio.$kParabordi$g2$w()251166 996 $6020$a88-7601-013-0$9(OLS)http://semarc/number/1478 996 $6245$aLa Divina Commedia tradotta in lengua milanesa de l'Avocatt Ambroeus Maria Antonini$9(OLS)http://semarc/title/45156 996 $6260$aMilano :$bViennepierre$9(OLS)http://semarc/publisher/34653